Vídeň a okolí /

Hlavní autor: Adámek, Karel, 1840-1918
Jazyk: Čeština
Vydáno: V Praze : Fr. A. Urbánek, [ca 1910]
Témata:
Externí odkaz: Digitalizovaný dokument
Fyzický popis: 191, [13] s.
Knihy
Uloženo v:
LEADER 00722nam a2200205 a 4500
001 000665824
003 CZ BrMZK
005 20111222084246.0
008 030410s1910 xr f cze d
015 |a cnb001092755 
040 |a BOA001  |b cze  |c BOA001 
100 1 |a Adámek, Karel,  |d 1840-1918  |7 jk01010079  |4 aut 
245 1 0 |a Vídeň a okolí /  |c popisuje Karel Adámek 
260 |a V Praze :  |b Fr. A. Urbánek,  |c [ca 1910] 
300 |a 191, [13] s. 
856 4 1 |u http://kramerius.nkp.cz/kramerius/handle/ABA001/1342120  |y Digitalizovaný dokument 
910 |a BOA001  |b PK-I-0014.179 
964 |a Bohemika - stol. 19. 
990 |a BK 
996 6 |b 3119645084  |c PK-I-0014.179  |l MZK  |r Sklad / do 1 hodiny  |n 3  |w 000665824  |u 000010  |a 1  |e BOA001  |j MZK50  |s P